| 000 | 00770nam a22001817a 4500 | ||
|---|---|---|---|
| 003 | UA-OsUOA | ||
| 001 | 16167 | ||
| 007 | ta | ||
| 008 | 20031222b un ||||| |||| 00| 0 ukr d | ||
| 100 | _aІськова О. | ||
| 942 | _cSA | ||
| 040 |
_aUA-OsUOA _cUA-OsUOA _dUA-OsUOA |
||
| 245 | _aМедицина оберігає людину, ветеринарія - людство: [Розповідь начальника упр. вет. медицини в Радивилів. р-ні О. Іськової про реформування структури держ. служби вет. медицини] | ||
| 300 | _aС.2 | ||
| 955 | _a0 | ||
| 773 | 0 |
_w0 _tПрапор перемоги _dРадивилів _d2003 _g№99/ 9 груд./ |
|
| 650 | 7 |
_aВетеринарія _2UDC |
|
| 999 |
_c302332 _d302332 |
||